[Event "GBR-ch71"]
[Site "Brighton"]
[Date "1984.08.07"]
[Round "8"]
[White "Johansen, Darryl Keith"]
[Black "Jackson, Sheila"]
[Result "1/2-1/2"]
[WhiteElo "2440"]
[BlackElo "2190"]
[PlyCount "87"]
[EventDate "1984.07.30"]
[EventType "swiss"]
[EventRounds "11"]
[EventCountry "GBR"]
[SourceTitle "BritBase"]
[Source "John Saunders"]
[SourceDate "2020.09.07"]
[SourceVersion "1"]
[SourceVersionDate "2020.09.07"]
[SourceQuality "2"]

1. Nf3 d5 2. d4 Bf5 3. c4 e6 4. Qb3 Nc6 5. c5 Rb8 6. Bf4 h6 7. e3 a6 8. Nbd2
Nf6 9. Qa4 Nd7 10. Ne5 Ndxe5 11. Bxe5 Qd7 12. Bg3 Be7 13. Be2 O-O 14. O-O e5
15. dxe5 Bxc5 16. Rac1 Bb6 17. b3 Qe6 18. Nf3 Be4 19. Rfd1 Rbd8 20. Nd4 Nxd4
21. exd4 Rd7 22. Qb4 f6 23. Bf1 fxe5 24. Bxe5 Rdf7 25. Rd2 Qe7 26. Qc3 Qa3 27.
b4 Qxc3 28. Rxc3 a5 29. b5 g5 30. a4 Rc8 31. Be2 Bf5 32. h3 c5 33. Bf3 Be6 34.
dxc5 Rxc5 35. Rxc5 Bxc5 36. Bxd5 Bxd5 37. Rxd5 Bxf2+ 38. Kh2 Be3 39. Kg3 Bf4+
40. Kg4 Bxe5 41. Rxe5 Rf4+ 42. Kh5 Kg7 43. g3 Rf3 44. Kg4 1/2-1/2

[Event "GBR-ch71"]
[Site "Brighton"]
[Date "1984.08.07"]
[Round "8"]
[White "King, Daniel J"]
[Black "Vaidya, Arun B"]
[Result "1-0"]
[WhiteElo "2435"]
[BlackElo "2370"]
[PlyCount "67"]
[EventDate "1984.07.30"]
[EventType "swiss"]
[EventRounds "11"]
[EventCountry "GBR"]
[SourceTitle "BritBase"]
[Source "John Saunders"]
[SourceDate "2020.09.07"]
[SourceVersion "1"]
[SourceVersionDate "2020.09.07"]
[SourceQuality "2"]

1. e4 c5 2. Nf3 e6 3. c3 b6 4. d4 Bb7 5. Bd3 d6 6. O-O Nd7 7. Re1 Ne7 8. Nbd2
Ng6 9. Nf1 Be7 10. Ng3 O-O 11. Qe2 Re8 12. Bd2 a6 13. a4 Qc7 14. b4 Rec8 15.
Reb1 c4 16. Bc2 Rf8 17. h3 Rae8 18. b5 a5 19. Rf1 Kh8 20. Rae1 Bf6 21. Ng5 Bxg5
22. Bxg5 f6 23. Bc1 Rf7 24. Qh5 Ndf8 25. f4 Kg8 26. f5 exf5 27. Nxf5 Ne7 28.
Ne3 Bc8 29. Ba3 Nfg6 30. Qe2 d5 31. exd5 Nf4 32. Qf3 Nd3 33. d6 Nxe1 34. Rxe1
1-0

[Event "GBR-ch71"]
[Site "Brighton"]
[Date "1984.08.07"]
[Round "8"]
[White "Lane, Gary William"]
[Black "Fuller, Keith"]
[Result "0-1"]
[WhiteElo "2310"]
[BlackElo "2175"]
[PlyCount "142"]
[EventDate "1984.07.30"]
[EventType "swiss"]
[EventRounds "11"]
[EventCountry "GBR"]
[SourceTitle "BritBase"]
[Source "John Saunders"]
[SourceDate "2020.09.07"]
[SourceVersion "1"]
[SourceVersionDate "2020.09.07"]
[SourceQuality "2"]

1. e4 c6 2. d4 d5 3. exd5 cxd5 4. c4 Nf6 5. Nc3 g6 6. Qb3 Bg7 7. cxd5 O-O 8.
Be2 Nbd7 9. Bf3 Nb6 10. Bg5 Re8 11. Nge2 Bg4 12. Bxg4 Nxg4 13. a4 h6 14. Bh4 a5
15. O-O Qd6 16. Bg3 Qb4 17. Qd1 Nf6 18. d6 exd6 19. Nb5 Rad8 20. b3 Ne4 21. Bf4
Nd5 22. Rc1 Nxf4 23. Nxf4 d5 24. f3 Nf6 25. Rc5 Nd7 26. Rc7 Qe7 27. Nxd5 Qg5
28. Ndc3 Qe3+ 29. Kh1 Nf8 30. d5 Ne6 31. Rc4 Nc5 32. Qc2 b6 33. d6 Re5 34. Ne4
Nd3 35. Rc3 Nb4 36. Rxe3 Nxc2 37. Rc3 Rxb5 38. Rxc2 Rxb3 39. Rd1 f5 40. Nf2 Rb4
41. d7 Rxa4 42. g4 Rd4 43. Rc8 Rxd1+ 44. Nxd1 Bf6 45. Ne3 Kf7 46. Nd5 Rxd7 47.
Nxb6 Rd1+ 48. Kg2 fxg4 49. fxg4 Rd2+ 50. Kh1 Ra2 51. Rc4 Be5 52. h3 Rh2+ 53.
Kg1 Rxh3 54. Nd7 Ke6 55. Nxe5 Kxe5 56. Kg2 Ra3 57. Rc6 g5 58. Rxh6 Kf4 59. Rc6
Kxg4 60. Rc4+ Kh5 61. Rc5 Kh4 62. Rc8 Ra2+ 63. Kf1 g4 64. Rc3 a4 65. Kg1 Rb2
66. Ra3 Rb4 67. Kg2 Kg5 68. Rd3 Kf4 69. Rd8 Rb2+ 70. Kg1 a3 71. Rd4+ Kg5 0-1

[Event "GBR-ch71"]
[Site "Brighton"]
[Date "1984.08.07"]
[Round "8"]
[White "Levene, Mark"]
[Black "Needham, Teresa"]
[Result "1/2-1/2"]
[WhiteElo "2205"]
[BlackElo "2075"]
[PlyCount "51"]
[EventDate "1984.07.30"]
[EventType "swiss"]
[EventRounds "11"]
[EventCountry "GBR"]
[SourceTitle "BritBase"]
[Source "John Saunders"]
[SourceDate "2020.09.07"]
[SourceVersion "1"]
[SourceVersionDate "2020.09.07"]
[SourceQuality "2"]

1. e4 c5 2. Nf3 Nc6 3. d4 cxd4 4. Nxd4 Nf6 5. Nc3 d6 6. Bc4 e6 7. Be3 Be7 8.
Qe2 a6 9. Bb3 Qc7 10. O-O-O b5 11. g4 Na5 12. g5 Nxb3+ 13. axb3 Nd7 14. h4 b4
15. Na4 Nc5 16. h5 Bd7 17. Kb1 Rc8 18. g6 e5 19. gxf7+ Kxf7 20. Nf5 Nxa4 21.
Nxe7 Kxe7 22. Bg5+ Ke8 23. bxa4 Bg4 24. Qxg4 Qxc2+ 25. Ka1 Qxa4+ 26. Kb1
1/2-1/2

[Event "GBR-ch71"]
[Site "Brighton"]
[Date "1984.08.07"]
[Round "8"]
[White "Levitt, Jonathan"]
[Black "Bellin, Robert"]
[Result "0-1"]
[WhiteElo "2370"]
[BlackElo "2370"]
[PlyCount "106"]
[EventDate "1984.07.30"]
[EventType "swiss"]
[EventRounds "11"]
[EventCountry "GBR"]
[SourceTitle "BritBase"]
[Source "John Saunders"]
[SourceDate "2020.09.07"]
[SourceVersion "1"]
[SourceVersionDate "2020.09.07"]
[SourceQuality "2"]

1. d4 Nf6 2. c4 e6 3. Nc3 Bb4 4. e3 O-O 5. Nge2 d5 6. a3 Be7 7. cxd5 exd5 8. g3
a5 9. Bg2 c6 10. O-O Re8 11. Nf4 Na6 12. f3 Nc7 13. e4 dxe4 14. fxe4 c5 15. d5
Ng4 16. h3 Ne5 17. Nd3 Bd6 18. Bf4 Nxd3 19. Qxd3 f6 20. a4 b6 21. Qd2 Ba6 22.
Rf2 Qd7 23. Kh2 Rad8 24. h4 Bxf4 25. Qxf4 Re5 26. Rd1 Ne8 27. Bh3 Qe7 28. Rg1
Bc8 29. Bf1 Nd6 30. Bd3 Bd7 31. g4 h6 32. Rfg2 Rf8 33. Qg3 Kf7 34. Rf2 Ke8 35.
Re1 Kd8 36. Re3 Re8 37. Ne2 g5 38. h5 c4 39. Bc2 Kc8 40. Nc3 f5 41. gxf5 Nxf5
42. Rxf5 Rxf5 43. Bd1 Rf4 44. e5 Rh4+ 45. Kg2 Rh3 46. Qxh3 Bxh3+ 47. Kxh3 Qc5
48. Bg4+ Kb8 49. Re2 Qg1 50. e6 Qh1+ 51. Rh2 Qe1 52. Bf3 Rf8 53. Kg2 g4 0-1

[Event "GBR-ch71"]
[Site "Brighton"]
[Date "1984.08.07"]
[Round "8"]
[White "McNab, Colin Anderson"]
[Black "Giulian, Philip Maurice"]
[Result "1/2-1/2"]
[WhiteElo "2370"]
[BlackElo "2230"]
[PlyCount "177"]
[EventDate "1984.07.30"]
[EventType "swiss"]
[EventRounds "11"]
[EventCountry "GBR"]
[SourceTitle "BritBase"]
[Source "John Saunders"]
[SourceDate "2020.09.07"]
[SourceVersion "1"]
[SourceVersionDate "2020.09.07"]
[SourceQuality "2"]

1. c4 e5 2. Nc3 Nc6 3. g3 g6 4. Bg2 Bg7 5. d3 d6 6. e4 f5 7. Nge2 Nf6 8. f4 O-O
9. O-O a5 10. Rb1 Ne7 11. h3 c6 12. Kh2 Be6 13. b3 Kh8 14. Bb2 Bg8 15. Qd2 Qc7
16. d4 exf4 17. Nxf4 fxe4 18. d5 cxd5 19. cxd5 Nf5 20. Bxe4 Rae8 21. Bxf5 gxf5
22. Rbe1 Qd7 23. a4 b6 24. Nb5 Ne4 25. Bxg7+ Qxg7 26. Qd4 Qxd4 27. Nxd4 Nc5 28.
Rxe8 Rxe8 29. Nxf5 Re5 30. Nxd6 Bxd5 31. Nxd5 Rxd5 32. Nc4 Nxb3 33. Nxb6 Rd2+
34. Kg1 Rd6 35. Nc4 Rd3 36. Kg2 Nc5 37. Ra1 Rd4 38. Nxa5 Rxa4 39. Rxa4 Nxa4 40.
Kf3 Nc5 41. Kf4 Kg7 42. Kf5 Nd7 43. Nc6 Nf6 44. Nd4 h6 45. Nf3 Nh5 46. g4 Nf6
47. Ne5 Nd5 48. h4 Nf6 49. h5 Nd5 50. Ke6 Nf4+ 51. Kf5 Nd5 52. Nc4 Nf6 53. Nd6
Nd5 54. Ke6 Nf4+ 55. Ke5 Nd3+ 56. Kf5 Nc5 57. Ke5 Nd3+ 58. Ke4 Nf2+ 59. Kf3 Nd3
60. Nf5+ Kh7 61. Ne3 Kg7 62. Ke4 Nf2+ 63. Kf5 Nd3 64. Ke6 Nc5+ 65. Ke7 Ne4 66.
Nf5+ Kh7 67. Kf7 Ng5+ 68. Kf8 Nf3 69. Ne3 Ne5 70. Ke7 Kg7 71. Ke6 Nd3 72. Nf5+
Kh7 73. Kf6 Nf2 74. Ne3 Ne4+ 75. Kf7 Ng5+ 76. Kf8 Ne6+ 77. Ke7 Ng5 78. Nd5 Kg7
79. Nc7 Nf3 80. Ne8+ Kg8 81. Kf6 Kh7 82. Nd6 Nh2 83. Kf5 Nf3 84. Kf4 Nd4 85.
Ke4 Ne6 86. Kf5 Nd4+ 87. Kf6 Nf3 88. Nc4 Ne1 89. Ne3 1/2-1/2

[Event "GBR-ch71"]
[Site "Brighton"]
[Date "1984.08.07"]
[Round "8"]
[White "Murshed, Niaz"]
[Black "Hawksworth, John C"]
[Result "1/2-1/2"]
[WhiteElo "2405"]
[BlackElo "2340"]
[PlyCount "44"]
[EventDate "1984.07.30"]
[EventType "swiss"]
[EventRounds "11"]
[EventCountry "GBR"]
[SourceTitle "BritBase"]
[Source "John Saunders"]
[SourceDate "2020.09.07"]
[SourceVersion "1"]
[SourceVersionDate "2020.09.07"]
[SourceQuality "2"]

1. d4 Nf6 2. c4 e6 3. Nc3 Bb4 4. e3 O-O 5. Bd3 d5 6. a3 Bxc3+ 7. bxc3 dxc4 8.
Bxc4 c5 9. Nf3 Nc6 10. O-O Qc7 11. Bd3 e5 12. Qc2 Re8 13. dxe5 Nxe5 14. Nxe5
Qxe5 15. f3 Bd7 16. Rb1 Bc6 17. Re1 Rad8 18. c4 h5 19. Bf5 Bd7 20. Bd3 Bc6 21.
Bf5 Bd7 22. Bd3 Bc6 1/2-1/2

[Event "GBR-ch71"]
[Site "Brighton"]
[Date "1984.08.07"]
[Round "8"]
[White "Plaskett, H James"]
[Black "Martin, Andrew D"]
[Result "1-0"]
[WhiteElo "2470"]
[BlackElo "2445"]
[PlyCount "75"]
[EventDate "1984.07.30"]
[EventType "swiss"]
[EventRounds "11"]
[EventCountry "GBR"]
[SourceTitle "BritBase"]
[Source "John Saunders"]
[SourceDate "2020.09.07"]
[SourceVersion "1"]
[SourceVersionDate "2020.09.07"]
[SourceQuality "2"]

1. Nf3 g6 2. e4 Bg7 3. d4 b6 4. Nc3 Bb7 5. Bg5 f6 6. Be3 Nh6 7. Qd2 Nf7 8. h4
e6 9. O-O-O Qe7 10. Bc4 d6 11. h5 Nd7 12. Nb5 Kd8 13. d5 Nde5 14. Nxe5 Nxe5 15.
Bb3 exd5 16. exd5 g5 17. Nd4 Bc8 18. Ba4 h6 19. f4 gxf4 20. Bxf4 Bd7 21. Bxd7
Qxd7 22. Qe2 a6 23. Rh3 Re8 24. Ra3 Kc8 25. Rxa6 Kb7 26. Rxa8 Rxa8 27. a3 f5
28. Ne6 Ra4 29. Rd4 Ng4 30. Rxa4 Qxa4 31. Qd3 Nf2 32. Qe2 Ng4 33. Qd3 Nf2 34.
Qf3 Bd4 35. c3 Bc5 36. Nxc5+ bxc5 37. Qxf2 Qe4 38. Bxh6 1-0

[Event "GBR-ch71"]
[Site "Brighton"]
[Date "1984.08.07"]
[Round "8"]
[White "Prettejohn, Michael Hugh"]
[Black "James, Stephen C"]
[Result "1/2-1/2"]
[WhiteElo "2145"]
[BlackElo "2140"]
[PlyCount "77"]
[EventDate "1984.07.30"]
[EventType "swiss"]
[EventRounds "11"]
[EventCountry "GBR"]
[SourceTitle "BritBase"]
[Source "John Saunders"]
[SourceDate "2020.09.07"]
[SourceVersion "1"]
[SourceVersionDate "2020.09.07"]
[SourceQuality "2"]

1. e4 d6 2. d4 g6 3. Nf3 Bg7 4. Bc4 c6 5. Qe2 Nf6 6. Nc3 O-O 7. e5 Nd5 8. Bd2
Nxc3 9. Bxc3 d5 10. Bd3 Bg4 11. h3 Bxf3 12. Qxf3 c5 13. dxc5 Nc6 14. O-O-O Nxe5
15. Qe2 Nxd3+ 16. Rxd3 e6 17. Bxg7 Kxg7 18. Qe5+ Qf6 19. Qxf6+ Kxf6 20. Kb1
Rfc8 21. b4 b6 22. cxb6 axb6 23. Kb2 Rc4 24. Kb3 b5 25. Ra1 Ke5 26. c3 Ra4 27.
Re1+ Kd6 28. Red1 Rc7 29. a3 Rca7 30. Ra1 R4a6 31. Kb2 h6 32. Rd2 g5 33. Rd3 f5
34. g3 f4 35. g4 Ra8 36. f3 R6a7 37. Rd2 h5 38. Rd3 Rh7 39. Kb3 1/2-1/2

[Event "GBR-ch71"]
[Site "Brighton"]
[Date "1984.08.07"]
[Round "8"]
[White "Ravikumar, Vaidyanathan"]
[Black "Hjorth, Greg"]
[Result "1/2-1/2"]
[WhiteElo "2385"]
[BlackElo "2440"]
[PlyCount "94"]
[EventDate "1984.07.30"]
[EventType "swiss"]
[EventRounds "11"]
[EventCountry "GBR"]
[SourceTitle "BritBase"]
[Source "John Saunders"]
[SourceDate "2020.09.07"]
[SourceVersion "1"]
[SourceVersionDate "2020.09.07"]
[SourceQuality "2"]

1. d4 d5 2. Nf3 c5 3. dxc5 e6 4. e3 Bxc5 5. c4 Nf6 6. a3 a5 7. Nc3 O-O 8. Qc2
Qe7 9. b3 Nc6 10. Bb2 d4 11. exd4 Nxd4 12. Nxd4 Bxd4 13. Be2 e5 14. O-O Bd7 15.
Rad1 Bc6 16. Rfe1 Rad8 17. Nb5 Bc5 18. Rxd8 Rxd8 19. Bf3 e4 20. h3 Re8 21. Nc3
exf3 22. Rxe7 Rxe7 23. g3 Re1+ 24. Kh2 h5 25. Qd2 Rf1 26. Nd1 Ne4 27. Qd8+ Kh7
28. Qd3 Re1 29. Bc3 Rxd1 30. Qxd1 Nxc3 31. Qd3+ Ne4 32. Qxf3 Kg8 33. Qxh5 Bxf2
34. Qxa5 g6 35. Qd8+ Kg7 36. g4 Be3 37. Qd3 Nd2 38. h4 Be4 39. Qd6 Nf3+ 40. Kg3
Bd4 41. Qe7 Bc6 42. g5 Nd2 43. Qb4 Ne4+ 44. Kh3 Nf2+ 45. Kg3 Ne4+ 46. Kh3 Be5
47. Qe1 Bd7+ 1/2-1/2

[Event "GBR-ch71"]
[Site "Brighton"]
[Date "1984.08.07"]
[Round "8"]
[White "Speelman, Jonathan S"]
[Black "Short, Nigel David"]
[Result "1/2-1/2"]
[WhiteElo "2500"]
[BlackElo "2510"]
[PlyCount "42"]
[EventDate "1984.07.30"]
[EventType "swiss"]
[EventRounds "11"]
[EventCountry "GBR"]
[SourceTitle "BritBase"]
[Source "John Saunders"]
[SourceDate "2020.09.07"]
[SourceVersion "1"]
[SourceVersionDate "2020.09.07"]
[SourceQuality "2"]

1. d4 Nf6 2. c4 e6 3. Nc3 Bb4 4. e3 c5 5. Bd3 Nc6 6. Nge2 d5 7. cxd5 exd5 8. a3
cxd4 9. axb4 dxc3 10. b5 Ne5 11. Nxc3 Nxd3+ 12. Qxd3 O-O 13. O-O Be6 14. Ne2
Qb6 15. Bd2 Bd7 16. Nd4 Rfc8 17. f3 Ne8 18. Ba5 Qh6 19. b3 Qg6 20. Qe2 Nd6 21.
Rfc1 Nf5 1/2-1/2

[Event "GBR-ch71"]
[Site "Brighton"]
[Date "1984.08.07"]
[Round "8"]
[White "Waddingham, Graham A"]
[Black "Garwell, Jane"]
[Result "1/2-1/2"]
[WhiteElo "2215"]
[BlackElo "2100"]
[PlyCount "87"]
[EventDate "1984.07.30"]
[EventType "swiss"]
[EventRounds "11"]
[EventCountry "GBR"]
[SourceTitle "BritBase"]
[Source "John Saunders"]
[SourceDate "2020.09.07"]
[SourceVersion "1"]
[SourceVersionDate "2020.09.07"]
[SourceQuality "2"]

1. e4 e6 2. d4 d5 3. Nc3 Be7 4. Bd3 Nf6 5. e5 Nfd7 6. Qg4 g6 7. Nf3 a6 8. Ne2
c5 9. c3 Nc6 10. O-O Nf8 11. Bg5 c4 12. Bc2 Bd7 13. Bh6 Qc7 14. Ng5 Bxg5 15.
Bxg5 Ne7 16. Bf6 Rg8 17. Qg5 Bc6 18. Nf4 h6 19. Qxh6 O-O-O 20. Nh3 Re8 21. Ng5
Nf5 22. Qh3 Nd7 23. f4 Nxf6 24. exf6 Ref8 25. Qf3 Rh8 26. b4 Qd8 27. a4 Bd7 28.
Qe2 Qxf6 29. Nf3 Qe7 30. Bxf5 gxf5 31. Rfe1 Rhg8 32. Qe5 Re8 33. g3 f6 34. Qe3
Qg7 35. Qf2 Ref8 36. Ra2 Qe7 37. Rae2 Qd6 38. Kh1 Rg7 39. Qg2 Re7 40. a5 Kd8
41. Qf2 Be8 42. Re3 Bh5 43. Nh4 Rff7 44. Nf3 1/2-1/2

[Event "GBR-ch71"]
[Site "Brighton"]
[Date "1984.08.07"]
[Round "8"]
[White "Yeo, Michael J"]
[Black "Mithrakanth, Poorna Sharma"]
[Result "0-1"]
[WhiteElo "2205"]
[BlackElo "2365"]
[PlyCount "60"]
[EventDate "1984.07.30"]
[EventType "swiss"]
[EventRounds "11"]
[EventCountry "GBR"]
[SourceTitle "BritBase"]
[Source "John Saunders"]
[SourceDate "2020.09.07"]
[SourceVersion "1"]
[SourceVersionDate "2020.09.07"]
[SourceQuality "2"]

1. e4 c5 2. Nf3 d6 3. d4 cxd4 4. Nxd4 Nf6 5. Nc3 a6 6. Bg5 e6 7. f4 Be7 8. Qf3
Qc7 9. O-O-O Nbd7 10. Be2 b5 11. Bxf6 Nxf6 12. e5 Bb7 13. exf6 Bxf3 14. Bxf3
Bxf6 15. Bxa8 Bxd4 16. Rxd4 d5 17. Bxd5 exd5 18. Re1+ Kf8 19. Re5 g6 20. Nxd5
Qd6 21. c3 (21. Rde4 Kg7 22. f5 {Yeo-Werres, Cologne 1981}) 21... Kg7 22. g4 h6
23. Ne7 Qf6 24. Rde4 Rd8 25. Nd5 Qh4 26. f5 Qxh2 27. Ne3 Qd2+ 28. Kb1 Qe1+ 29.
Kc2 Rd2+ 30. Kb3 Qc1 0-1

[Event "GBR-ch71"]
[Site "Brighton"]
[Date "1984.08.08"]
[Round "9"]
[White "Arkell, Keith C"]
[Black "Botterill, George Steven"]
[Result "1-0"]
[WhiteElo "2345"]
[BlackElo "2430"]
[PlyCount "69"]
[EventDate "1984.07.30"]
[EventType "swiss"]
[EventRounds "11"]
[EventCountry "GBR"]
[SourceTitle "BritBase"]
[Source "John Saunders"]
[SourceDate "2020.09.07"]
[SourceVersion "1"]
[SourceVersionDate "2020.09.07"]
[SourceQuality "2"]

1. d4 Nf6 2. Nf3 g6 3. g3 Bg7 4. Bg2 O-O 5. O-O d6 6. Nc3 d5 7. Ne5 c6 8. Bf4
Nh5 9. Bc1 f6 10. Nd3 e5 11. dxe5 fxe5 12. e4 d4 13. Nb1 Be6 14. Nd2 Nd7 15. b3
a5 16. a4 Qc7 17. Nf3 Kh8 18. Ng5 Bg8 19. Bh3 Ndf6 20. f4 exf4 21. g4 Bh6 22.
gxh5 Bxg5 23. hxg6 Nxe4 24. Bg2 Nc3 25. Qh5 Qe7 26. Ba3 Qe3+ 27. Rf2 f3 28.
Bxf3 Rxf3 29. Re1 Rg3+ 30. hxg3 Qxg3+ 31. Rg2 Be3+ 32. Kh1 Ne4 33. g7+ Qxg7 34.
Rxg7 Kxg7 35. Rxe3 1-0

[Event "GBR-ch71"]
[Site "Brighton"]
[Date "1984.08.08"]
[Round "9"]
[White "Baker, Chris W"]
[Black "Murshed, Niaz"]
[Result "1/2-1/2"]
[WhiteElo "2235"]
[BlackElo "2405"]
[PlyCount "90"]
[EventDate "1984.07.30"]
[EventType "swiss"]
[EventRounds "11"]
[EventCountry "GBR"]
[SourceTitle "BritBase"]
[Source "John Saunders"]
[SourceDate "2020.09.07"]
[SourceVersion "1"]
[SourceVersionDate "2020.09.07"]
[SourceQuality "2"]

1. Nf3 Nf6 2. c4 e6 3. g3 d5 4. Bg2 Be7 5. O-O O-O 6. b3 c5 7. Bb2 Nc6 8. e3
dxc4 9. bxc4 Qc7 10. d4 Rd8 11. Qe2 b6 12. Nc3 Bb7 13. Rac1 Na5 14. Nb5 Qc8 15.
dxc5 Bxc5 16. Bxf6 gxf6 17. Nh4 Bxg2 18. Nxg2 Kh8 19. Qh5 Qb7 20. Nf4 Bf8 21.
Qh4 Qe7 22. Nh5 f5 23. Qf4 Rac8 24. Nd4 Bg7 25. Rfd1 h6 26. h4 Kh7 27. Kh2 Bh8
28. Rd3 Rc5 29. Rc2 Be5 30. Qf3 Qxh4+ 31. Kg2 Qe4 32. Rd1 Qxf3+ 33. Kxf3 Rxc4
34. Rcd2 Bxd4 35. exd4 Rc3+ 36. Kg2 Nc4 37. Re2 b5 38. d5 Rxd5 39. Nf6+ Kg6 40.
Nxd5 exd5 41. Rxd5 a6 42. Rd7 Ra3 43. f4 Ne3+ 44. Kf2 Ng4+ 45. Kg2 Ne3+ 1/2-1/2

[Event "GBR-ch71"]
[Site "Brighton"]
[Date "1984.08.08"]
[Round "9"]
[White "Bellin, Robert"]
[Black "Chandler, Murray G"]
[Result "0-1"]
[WhiteElo "2370"]
[BlackElo "2540"]
[PlyCount "108"]
[EventDate "1984.07.30"]
[EventType "swiss"]
[EventRounds "11"]
[EventCountry "GBR"]
[SourceTitle "BritBase"]
[Source "John Saunders"]
[SourceDate "2020.09.07"]
[SourceVersion "1"]
[SourceVersionDate "2020.09.07"]
[SourceQuality "2"]

1. Nf3 Nf6 2. g3 d5 3. Bg2 c6 4. O-O Bf5 5. d3 e6 6. Nbd2 h6 7. b3 Be7 8. Bb2
O-O 9. Qe1 a5 10. a3 Bh7 11. e4 Nbd7 12. Qe2 a4 13. b4 c5 14. e5 Ne8 15. b5 Nb6
16. Ne1 Nc7 17. c4 f6 18. f4 fxe5 19. Bxe5 Bf6 20. Ra2 Bxe5 21. Qxe5 Nd7 22.
Qb2 b6 23. Ndf3 Qf6 24. Qxf6 gxf6 25. Nh4 Rad8 26. Rd2 Rf7 27. Rff2 Nf8 28.
Nef3 Rfd7 29. Bf1 Ng6 30. Nxg6 Bxg6 31. h3 Ne8 32. d4 Be4 33. cxd5 Rxd5 34. Bc4
Bxf3 35. Rxf3 Rxd4 36. Bxe6+ Kf8 37. Rxd4 Rxd4 38. Re3 Nc7 39. Bg4 Nxb5 40. Re6
Rd6 41. Re4 Nd4 42. f5 b5 43. Bh5 Rd8 44. Rg4 b4 45. Rg6 Rd6 46. Rxh6 Nxf5 47.
Rh8+ Kg7 48. Ra8 Nxg3 49. Bf3 b3 50. Kf2 Nf5 51. Rxa4 Rd2+ 52. Ke1 Rh2 53. Ra7+
Kh6 54. Ra6 Nd4 0-1

[Event "GBR-ch71"]
[Site "Brighton"]
[Date "1984.08.08"]
[Round "9"]
[White "Carr, Neil L"]
[Black "Johansen, Darryl Keith"]
[Result "1/2-1/2"]
[WhiteElo "2310"]
[BlackElo "2440"]
[PlyCount "81"]
[EventDate "1984.07.30"]
[EventType "swiss"]
[EventRounds "11"]
[EventCountry "GBR"]
[SourceTitle "BritBase"]
[Source "John Saunders"]
[SourceDate "2020.09.07"]
[SourceVersion "1"]
[SourceVersionDate "2020.09.07"]
[SourceQuality "2"]

1. e4 e5 2. Nf3 d6 3. d4 Nf6 4. Nc3 Nbd7 5. Bg5 c6 6. Qd2 Be7 7. Be2 O-O 8. O-O
h6 9. Bxf6 Bxf6 10. dxe5 dxe5 11. a4 Be7 12. Bc4 Qc7 13. Ne2 Nc5 14. Ng3 Bg4
15. Qc3 Bxf3 16. Qxf3 Rad8 17. Nf5 Kh7 18. Qe3 a5 19. c3 b6 20. Nxe7 Qxe7 21.
b4 Nd7 22. Rab1 Ra8 23. b5 cxb5 24. Bxb5 Nc5 25. Rbd1 Rad8 26. Rd5 Rxd5 27.
exd5 Qd6 28. Bc6 f5 29. f4 e4 30. Qd4 Rf6 31. g3 Nd3 32. Ra1 Nxf4 33. gxf4 Rg6+
34. Kh1 Qxf4 35. Qd1 e3 36. d6 Rxd6 37. Qf3 Qxf3+ 38. Bxf3 g5 39. Rd1 Rxd1+ 40.
Bxd1 Kg6 41. Kg2 1/2-1/2

[Event "GBR-ch71"]
[Site "Brighton"]
[Date "1984.08.08"]
[Round "9"]
[White "Clarke, Thomas M"]
[Black "Parameswaran, Tiruchi N"]
[Result "1-0"]
[WhiteElo "2080"]
[BlackElo "2365"]
[PlyCount "69"]
[EventDate "1984.07.30"]
[EventType "swiss"]
[EventRounds "11"]
[EventCountry "GBR"]
[SourceTitle "BritBase"]
[Source "John Saunders"]
[SourceDate "2020.09.07"]
[SourceVersion "1"]
[SourceVersionDate "2020.09.07"]
[SourceQuality "2"]

1. e4 c5 2. Nf3 d6 3. d4 cxd4 4. Nxd4 Nf6 5. Nc3 e6 6. Be2 Nc6 7. Be3 Be7 8.
O-O O-O 9. f4 e5 10. Nb3 exf4 11. Rxf4 Ne5 12. Kh1 Be6 13. Nd4 a6 14. a4 Rc8
15. a5 Re8 16. Nf5 Bf8 17. Bb6 Qd7 18. Ne3 Ng6 19. Rf1 Rxc3 20. bxc3 Nxe4 21.
Qd4 d5 22. c4 Bd6 23. cxd5 Bh3 24. Qa4 Qe7 25. gxh3 Nc3 26. Qc4 Qe5 27. Ng4
Qxe2 28. Qxc3 Nh4 29. Rf2 Qe4+ 30. Kg1 f5 31. Qe3 fxg4 32. Re1 Qxe3 33. Rxe3
Rxe3 34. Bxe3 Nf3+ 35. Kg2 1-0

[Event "GBR-ch71"]
[Site "Brighton"]
[Date "1984.08.08"]
[Round "9"]
[White "Crouch, Colin S"]
[Black "Lane, Gary William"]
[Result "0-1"]
[WhiteElo "2360"]
[BlackElo "2310"]
[PlyCount "77"]
[EventDate "1984.07.30"]
[EventType "swiss"]
[EventRounds "11"]
[EventCountry "GBR"]
[SourceTitle "BritBase"]
[Source "John Saunders"]
[SourceDate "2020.09.07"]
[SourceVersion "1"]
[SourceVersionDate "2020.09.07"]
[SourceQuality "2"]

1. d4 Nf6 2. c4 g6 3. Nc3 Bg7 4. e4 d6 5. Be2 O-O 6. Bg5 c5 7. d5 h6 8. Be3 e6
9. dxe6 Bxe6 10. Qd2 Kh7 11. h3 Nc6 12. Nf3 Qe7 13. Rd1 Rad8 14. O-O Rfe8 15.
Rfe1 Qf8 16. Qc2 Nd7 17. Nd5 Nde5 18. Nh2 Bxd5 19. exd5 Ne7 20. Bd3 Nxd3 21.
Qxd3 Nf5 22. Bc1 a6 23. Nf3 Rb8 24. b3 b5 25. Rxe8 Qxe8 26. Re1 Qd7 27. Qe4
bxc4 28. bxc4 Rb4 29. a3 Rb3 30. Qf4 Rc3 31. Bd2 Rc2 32. Re4 Nd4 33. Nxd4 cxd4
34. Bb4 Rxc4 35. Bxd6 g5 36. Qg3 Rc3 37. f3 d3 38. Re7 Qxe7 39. Bxe7 0-1

[Event "GBR-ch71"]
[Site "Brighton"]
[Date "1984.08.08"]
[Round "9"]
[White "Freeman, Richard CP"]
[Black "Dunnington, Angus J"]
[Result "1-0"]
[WhiteElo "2095"]
[BlackElo "2325"]
[PlyCount "75"]
[EventDate "1984.07.30"]
[EventType "swiss"]
[EventRounds "11"]
[EventCountry "GBR"]
[SourceTitle "BritBase"]
[Source "John Saunders"]
[SourceDate "2020.09.07"]
[SourceVersion "1"]
[SourceVersionDate "2020.09.07"]
[SourceQuality "2"]

1. e4 c6 2. d3 d5 3. Nd2 g6 4. Ngf3 Bg7 5. g3 e5 6. Bg2 Ne7 7. O-O O-O 8. Re1
Nd7 9. Nf1 a5 10. h4 dxe4 11. dxe4 Nc5 12. Bg5 Qc7 13. Qe2 b6 14. N1h2 f6 15.
Bd2 Be6 16. Be3 Nd7 17. Rad1 Rad8 18. h5 Rfe8 19. hxg6 hxg6 20. Nh4 Rf8 21. Ng4
Nc5 22. Bh3 Bxa2 23. b3 a4 24. Qc4+ Kh7 25. Bxc5 bxc5 26. Qxa4 Ra8 27. Qc4 Qa5
28. Ne3 Ra7 29. Qe2 Rd8 30. Be6 Rd4 31. Nxg6 Kxg6 32. Qg4+ Kh7 33. Qh5+ Bh6 34.
Qf7+ Bg7 35. Kg2 Rxd1 36. Rxd1 Ng8 37. Rh1+ Nh6 38. Bf5+ 1-0

[Event "GBR-ch71"]
[Site "Brighton"]
[Date "1984.08.08"]
[Round "9"]
[White "Fuller, Keith"]
[Black "Hawksworth, John C"]
[Result "1/2-1/2"]
[WhiteElo "2175"]
[BlackElo "2340"]
[PlyCount "68"]
[EventDate "1984.07.30"]
[EventType "swiss"]
[EventRounds "11"]
[EventCountry "GBR"]
[SourceTitle "BritBase"]
[Source "John Saunders"]
[SourceDate "2020.09.07"]
[SourceVersion "1"]
[SourceVersionDate "2020.09.07"]
[SourceQuality "2"]

1. Nf3 c5 2. g3 b6 3. Bg2 Bb7 4. O-O Nf6 5. c4 e6 6. Nc3 Be7 7. b3 O-O 8. Bb2
d5 9. cxd5 exd5 10. d4 Na6 11. e3 Re8 12. Rc1 Ne4 13. dxc5 Naxc5 14. Re1 Bf6
15. Ba1 Rc8 16. Nd4 Ba6 17. Bf1 Ng5 18. Bxa6 Nxa6 19. Nce2 Nc5 20. Kg2 Qd7 21.
Ng1 Qe7 22. h4 Qe4+ 23. f3 Nxf3 24. Ngxf3 Nd3 25. Rxc8 Nxe1+ 26. Qxe1 Rxc8 27.
Kf2 h6 28. Qd1 Re8 29. Qc1 g5 30. hxg5 hxg5 31. g4 Kf8 32. Nf5 Qxg4 33. Bxf6
Qxf5 34. Bxg5 Rc8 1/2-1/2